000
00287nam a2200097Ia 4500
008
240331s9999 xx 000 0 und d
082
_b
UND
100
_a
WERC. ed
245
0
_a
Understanding CEDAW :
_b
The Convention on the Elimination of all forms of Discrimination against women
942
_c
L
999
_c
1502
_d
1502